|
|
|
|
| LEADER |
05258nam a22005175i 4500 |
| 001 |
978-3-540-74930-1 |
| 003 |
DE-He213 |
| 005 |
20151204155008.0 |
| 007 |
cr nn 008mamaa |
| 008 |
100424s2008 gw | s |||| 0|eng d |
| 020 |
|
|
|a 9783540749301
|9 978-3-540-74930-1
|
| 024 |
7 |
|
|a 10.1007/978-3-540-74930-1
|2 doi
|
| 040 |
|
|
|d GrThAP
|
| 050 |
|
4 |
|a TK5105.5-5105.9
|
| 072 |
|
7 |
|a UKN
|2 bicssc
|
| 072 |
|
7 |
|a COM075000
|2 bisacsh
|
| 082 |
0 |
4 |
|a 004.6
|2 23
|
| 245 |
1 |
0 |
|a Advances in Intelligent and Distributed Computing
|h [electronic resource] /
|c edited by Costin Badica, Marcin Paprzycki.
|
| 264 |
|
1 |
|a Berlin, Heidelberg :
|b Springer Berlin Heidelberg,
|c 2008.
|
| 300 |
|
|
|a XIV, 310 p. 98 illus.
|b online resource.
|
| 336 |
|
|
|a text
|b txt
|2 rdacontent
|
| 337 |
|
|
|a computer
|b c
|2 rdamedia
|
| 338 |
|
|
|a online resource
|b cr
|2 rdacarrier
|
| 347 |
|
|
|a text file
|b PDF
|2 rda
|
| 490 |
1 |
|
|a Studies in Computational Intelligence,
|x 1860-949X ;
|v 78
|
| 505 |
0 |
|
|a Invited Papers -- The world of autonomous distributed systems -- Time and Space Coordination of Mobile Agents -- The Difficulty of Search and an Interesting Solution -- Distributed Decision Making for Robot Teams -- Fully Coupled and Feedforward Neural Networks with Complex-Valued Neurons -- Regular Papers -- Cluster-Based Route Discovery Protocol -- Object-Oriented High Level Petri Nets as a Formal Language for Modelling and Design Multi-Agent Systems -- Considerations on the Design and Implementation of an Agent-Based Auction Service -- Automatic Streaming Processing of XSLT Transformations Based on Tree Transducers -- Knowledge Processing for Web Search — An Integrated Model -- Applying Social Behaviours to Model Trusting -- Using Ant’s Alarm Pheromone to Improve Software Testing Automation * -- Aspects Concerning SVM Method’s Scalability -- On Interchange between JBoss Rules and Jess -- A Cross-Entropy Approach to Solving Dec-POMDPs -- Polyphony, a Knowledge-based Chat System Supporting Collaborative Work -- Decomposition and Processing Strategies of Global XQuery Queries over Distributed Environments -- Description and Organization of Instructional Resources in an Adaptive Educational System Focused on Learning Styles -- JTangPS: Content-Based Publish/Subscribe over Structured P2P Networks -- Using the color set back-projection algorithm in retrieval and evaluation of endoscopic images -- Granularity of Medical Software Agents in ICU -Trade-off Performance versus Flexibility -- APP: Agent Planning Package -- Converting Programs into Constraint Satisfaction Problems -- Regular Papers -- Models for Temporal and Spatial Terrain Coverage -- Using Genetic Algorithms to Optimise Rough Set Partition Sizes for HIV Data Analysis -- Semantic Web and Rule Reasoning inside of E-Learning Systems -- Web-based Remote Digital Signal Processing (DSP) Laboratory Using the Integrated Learning Methodology (ILM) -- Reasoning on Activity-centered Semantics in Request-Service Matchmaking -- Marked-Controlled Rewriting EFPN for Dynamic Knowledge Inference -- Off-Line Signature Verification using Feature Based Image Registration -- Collaboration of Intelligent, Autonomous Systems: Situation Aware Behavior Change -- On the Distributed Water Pollution Control Solving with an Agent-Based Approach -- Learn Reversi using Parallel Genetic Algorithms -- Graph-based semantic description and information extraction in analysis of 3D coronary vessels visualizations.
|
| 520 |
|
|
|a This book presents the proceedings of the 1st International Symposium on Intelligent and Distributed Computing – IDC’2007, held in Craiova, Romania, October 2007. IDC 2007 was the first International Symposium bringing together researchers involved in intelligent and distributed computing to allow cross-fertilization and search for synergies of ideas and to enable advancement of research in these exciting sub-fields of computer science. The 34 contributions in this book cover a broad area of topics related to intelligent and distributed computing, systems and applications, including: autonomous and adaptive computing; constraint satisfaction; cooperation and coordination; data mining and knowledge discovery; distributed problem solving and decision making; e-business, e-health and e-learning; genetic algorithms; image processing; information retrieval; or intelligence in mobile and ubiquitous computing.
|
| 650 |
|
0 |
|a Computer science.
|
| 650 |
|
0 |
|a Computer communication systems.
|
| 650 |
|
0 |
|a Artificial intelligence.
|
| 650 |
|
0 |
|a Applied mathematics.
|
| 650 |
|
0 |
|a Engineering mathematics.
|
| 650 |
1 |
4 |
|a Computer Science.
|
| 650 |
2 |
4 |
|a Computer Communication Networks.
|
| 650 |
2 |
4 |
|a Appl.Mathematics/Computational Methods of Engineering.
|
| 650 |
2 |
4 |
|a Artificial Intelligence (incl. Robotics).
|
| 650 |
2 |
4 |
|a Applications of Mathematics.
|
| 700 |
1 |
|
|a Badica, Costin.
|e editor.
|
| 700 |
1 |
|
|a Paprzycki, Marcin.
|e editor.
|
| 710 |
2 |
|
|a SpringerLink (Online service)
|
| 773 |
0 |
|
|t Springer eBooks
|
| 776 |
0 |
8 |
|i Printed edition:
|z 9783540749295
|
| 830 |
|
0 |
|a Studies in Computational Intelligence,
|x 1860-949X ;
|v 78
|
| 856 |
4 |
0 |
|u http://dx.doi.org/10.1007/978-3-540-74930-1
|z Full Text via HEAL-Link
|
| 912 |
|
|
|a ZDB-2-ENG
|
| 950 |
|
|
|a Engineering (Springer-11647)
|